[Event "Clutch Chess International"]
[Site "Saint Louis"]
[Date "2020.06.14"]
[Round "3.8"]
[White "Carlsen, Magnus"]
[Black "Caruana, Fabiano"]
[Result "1/2-1/2"]
[WhiteElo "2881"]
[BlackElo "2773"]
[Annotator "TA"]
[PlyCount "125"]
[EventDate "2020.06.05"]
[EventType "k.o."]
[EventCountry "USA"]
[SourceTitle "playchess.com"]
[Source "ChessBase"]
[SourceQuality "1"]

{[%evp 9,125,24,32,29,27,26,30,19,26,25,29,31,32,25,22,20,22,16,23,18,15,12,12,12,12,12,12,10,10,0,0,0,2,-28,0,0,6,0,0,-18,-18,-23,0,0,0,0,0,0,0,0,0,-120,-107,-123,-125,-108,-124,-144,-143,-160,-160,-152,-153,-173,-129,-122,-135,-188,-182,-182,-182,-196,-182,-254,-227,-252,0,-272,-182,-182,-182,-183,-183,-176,-176,-339,-311,-253,-234,-234,-324,-318,-170,-344,-233,-257,-118,-128,0,-254,-208,-231,-139,-148,0,0,0,0,0,-24,0,0,0,0,0,0,0,0]} 1. d4 Nf6 2. Nf3 d5 3. c4 e6 4. Nc3 a6 (4... dxc4 5. e3 a6 6. a4 c5 7. Bxc4 Nc6 8. O-O cxd4 9. exd4 Be7 10. Be3 O-O 11. Ne5 Bd7 12. Nxd7 Qxd7 13. d5 exd5 14. Nxd5 Nxd5 15. Qxd5 Qxd5 16. Bxd5 Bf6 17. Rfd1 Rfd8 18. Kf1 Rd7 19. Bf3 Rad8 20. Rxd7 Rxd7 {1-0 (40) Carlsen,M (2863)-Caruana,F (2835) chess24.com INT 2020}) 5. cxd5 exd5 6. Bg5 {D37: Queen's Gambit Declined: 5 Bf4.} Be6 7. e3 Nbd7 8. h3 {White has an edge.} Bd6 9. Bd3 c6 10. Bf4 Qc7 11. Bxd6 Qxd6 12. O-O O-O 13. Qc2 g6 {[#]} 14. Rfc1 $146 ({Predecessor:} 14. Ng5 Ne8 15. b4 Qe7 16. Nxe6 Qxe6 17. a4 Nd6 18. b5 cxb5 19. axb5 a5 20. Na4 {½-½ (78) Xiong,J (2679)-Maghsoodloo,P (2671) chess.com INT 2019}) 14... Qe7 15. Na4 Ne8 16. b4 Nd6 17. Nc5 Nb6 18. Nxe6 Qxe6 19. Nd2 f5 20. Re1 Nbc4 21. Nf3 b5 22. a4 Ne4 23. axb5 axb5 24. Bxe4 fxe4 {[#]} 25. Ne5 $1 {[%mdl 512]} Qd6 (25... Nxe5 26. dxe5) 26. Qc3 Qf6 27. Rf1 {Threatens to win with Nd7.} Qe6 28. Rfc1 Kg7 29. Rc2 Kg8 30. Rca2 (30. Rcc1 $11) 30... Rxa2 $17 31. Rxa2 Nxe5 32. dxe5 {[%mdl 4096] Endgame [#] KQR-KQR} d4 $1 {[%cal Rd4c3][%mdl 576] Discovered Attack} 33. Qb2 (33. Qxd4 Qxa2) 33... d3 $1 ({Much worse is} 33... Qxe5 $6 34. exd4 Qd5 35. Ra3 $11) ({Don't play} 33... dxe3 $6 34. fxe3 Qc4 35. Ra1 $11) 34. Ra1 Rd8 35. Rc1 Qd5 36. Qa1 d2 37. Rd1 Qb3 $36 {[%mdl 2048] Black is in control.} 38. e6 (38. Kh2 $17) 38... Qxe6 $19 39. Qb2 Qd5 40. Qc3 Kf7 41. Qa3 (41. Qb2 $142) 41... Rd7 42. Qc3 Rd8 43. Qa3 $1 Ke6 44. Qb2 Qd3 45. Qa2+ Kf6 $1 46. Qb2+ Kf7 47. Qa2+ $2 (47. Kh2) 47... Rd5 $1 48. Qa7+ Rd7 49. Qa2+ Ke7 50. Qa1 Kd6 (50... Qc2 $142 51. f3 Ke6 52. fxe4 Rd3) 51. Kh2 $2 (51. Qa2 {was forced.} Ke7 52. Qb2) 51... Qd5 52. Kg1 Ke6 (52... h5 $19 {is more deadly.} 53. Kh2 Qe5+ 54. Qxe5+ Kxe5) 53. Qh8 $17 Kd6 (53... h5 $17 {Strongly threatening ...Kd6.} 54. Qg8+ Ke7 55. Qxg6 Kd8 56. Qf6+ Kc7) 54. Qb8+ $2 {[%mdl 8192]} (54. Qa1 $1 $11 {and White is okay.}) 54... Ke7 $1 $19 55. Qh8 Qb3 56. Qe5+ {[#]} Kf7 ({Better is} 56... Qe6 $1 $17 {[%cal Re6e5]} 57. Qh8 h5) 57. Qf4+ $11 Kg7 58. Qe5+ Kf8 59. Qf4+ Kg8 60. Qb8+ {The position is equal.} Kf7 (60... Kg7 $5 61. Qe5+ $8 Kf7 62. Qf4+ Kg8 63. Qb8+ {[#]} Kg7 $1 {[%mdl 512]} 64. Qe5+ $17) 61. Qf4+ Ke8 62. Qe5+ Kf7 63. Qf4+ {Whites escaped into a draw. Accuracy: White = 81%, Black = 73%.} 1/2-1/2

[Event "Clutch Chess International"]
[Site "Saint Louis"]
[Date "2020.06.14"]
[Round "3.9"]
[White "Caruana, Fabiano"]
[Black "Carlsen, Magnus"]
[Result "1-0"]
[WhiteElo "2773"]
[BlackElo "2881"]
[Annotator "TA"]
[PlyCount "113"]
[EventDate "2020.06.05"]
[EventType "k.o."]
[EventCountry "USA"]
[SourceTitle "playchess.com"]
[Source "ChessBase"]
[SourceQuality "1"]

{[%evp 9,113,46,46,46,59,32,37,25,29,21,62,55,78,70,90,91,97,98,102,103,95,99,98,60,66,72,55,70,91,92,97,87,108,78,70,66,48,14,250,245,332,332,332,332,380,370,372,365,358,340,412,404,393,401,414,410,401,383,393,331,320,322,327,279,386,285,333,293,302,301,448,445,442,440,435,432,427,423,416,414,402,394,524,534,1721,1916,1705,1855,1855,976,977,967,953,946,907,925,925,919,858,747,858,835,29979,29980,29982,29983]} 1. e4 c5 2. Nf3 Nc6 3. Bb5 e5 4. O-O Bd6 5. c3 a6 6. Ba4 {B30: Sicilian: 2...Nc6 3 Bb5, lines without ...g6.} b5 7. Bc2 Nge7 {[#]} 8. d3 $146 {White is slightly better.} ({Predecessor:} 8. d4 cxd4 9. cxd4 exd4 10. Nxd4 Nxd4 11. Qxd4 Qc7 12. Qd3 Bxh2+ 13. Kh1 Bf4 14. Nc3 Bxc1 15. Raxc1 {1-0 (29) Jones,G (2702)-Vidit,S (2707) Hengshui 2019}) 8... O-O 9. Be3 Bb7 10. Nh4 Re8 11. Nd2 Ng6 12. Nf5 Bf8 13. Qg4 d6 14. h4 Kh8 15. Bb3 Qc7 16. Nf3 {Hoping for Ng5.} Na5 17. Bd5 Bxd5 18. exd5 f6 19. h5 Ne7 20. Nxe7 Qxe7 21. Nh4 {[#] Black must now prevent Ng6+!} Qf7 22. c4 $36 {[%mdl 2048] White is more active.} bxc4 23. dxc4 e4 $2 {Black cannot hold the game after this.} (23... f5 $1 $11 24. Qxf5 Qxf5 25. Nxf5 Nxc4) 24. b3 $18 Kg8 25. Bd2 Nb7 26. Bc3 Re5 27. Bxe5 dxe5 28. Rae1 Nd6 {and the idea ...f5 leaves Black hopeful.} 29. Nf5 g6 30. Nxd6 Bxd6 31. Qxe4 f5 32. Qh4 Re8 33. f3 gxh5 34. Re3 Kh8 35. Rfe1 Qg6 36. Qh3 a5 37. Kh1 Qf7 38. a3 Re7 39. Qh4 Qg6 (39... Re8 $142 40. R1e2 Rg8) 40. b4 Rg7 {[%csl Gg7][%cal Rg6g2]} 41. R1e2 cxb4 42. axb4 axb4 {[#]} 43. c5 $1 {[%cal Rc5d6]} f4 {Strongly threatening ...Be7.} 44. Re4 ({Not} 44. cxd6 fxe3 45. Qxb4 h6 $18) ({Less strong is} 44. Qd8+ Rg8 $14) 44... Bxc5 45. Rxe5 {aiming for Re8+.} Be3 46. Re6 Qb1+ 47. Re1 {Re8+ would kill now.} Qb2 48. Re8+ Rg8 49. Rxg8+ Kxg8 {[%mdl 4096] Endgame KQR-KQB} 50. Qd8+ Kf7 51. Qd7+ Kg6 52. Qe8+ Kg7 53. Qe7+ Kg6 54. d6 Qd2 55. Rb1 b3 56. d7 b2 57. d8=Q {Accuracy: White = 88%, Black = 60%.} 1-0

[Event "Clutch Chess International"]
[Site "Saint Louis"]
[Date "2020.06.14"]
[Round "3.10"]
[White "Carlsen, Magnus"]
[Black "Caruana, Fabiano"]
[Result "1-0"]
[WhiteElo "2881"]
[BlackElo "2773"]
[Annotator "TA"]
[PlyCount "113"]
[EventDate "2020.06.05"]
[EventType "k.o."]
[EventCountry "USA"]
[SourceTitle "playchess.com"]
[Source "ChessBase"]
[SourceQuality "1"]

{[%evp 10,113,0,0,6,16,12,20,7,15,180,102,102,96,78,66,66,62,82,62,75,53,55,53,50,50,110,41,108,47,45,15,59,33,36,15,87,37,53,56,70,42,45,46,59,0,0,0,0,0,0,-22,0,0,0,0,-10,-6,0,0,0,0,1,1,7,8,7,3,7,6,35,20,83,51,111,83,83,83,83,11,252,252,252,252,151,151,12834,12834,12835,12835,12838,12838,12839,12839,12839,12840,12841,12841,12850,12850,12850,27999,12851,29979,12851,27999]} 1. e4 e5 2. Nf3 Nf6 3. Nxe5 d6 4. Nc4 Nxe4 5. Qe2 Qe7 6. Ne3 Nc6 {[%cal Bb8c6,Bc6d4,Bd4e2][%mdl 32] C42: Petroff Defence: 3 Nxe5 and unusual White 3rd moves.} 7. Nd5 Nd4 {[%mdl 64] [#] And now ...Qe5 would win. Double Attack} 8. Nxe7 Nxe2 {The position is equal.} 9. Nd5 {[#]} c6 $146 (9... Nd4 $1 $11 10. Na3 (10. Nxc7+ Kd8 $11) (10. Bd3 Nc5 $11) 10... Ne6) ({Predecessor:} 9... Nd4 10. Na3 Ne6 11. f3 N4c5 12. d4 Nd7 13. c3 c6 14. Nf4 Nb6 15. Bd3 d5 {½-½ (80) Carlsen,M (2835)-Caruana,F (2832) London 2018}) 10. Bxe2 (10. Nc7+ $18 Kd7 11. Nxa8 Nxc1 12. f3 (12. Na3 b6 $18)) 10... cxd5 $16 11. Nc3 Be6 12. Nb5 {Threatens to win with Nc7+.} Kd7 13. d3 Nc5 14. Bf3 Be7 15. Nc3 d4 16. Ne2 Bf6 17. b3 Bf5 (17... Rac8 $14) 18. Kd1 ({White should play} 18. g4 $16 Be6 19. g5) 18... Rab8 (18... h5 $14) 19. Bb2 (19. g4 $16 Be6 20. Bb2) 19... Ne6 $14 20. Bd5 a6 21. Re1 h5 22. a4 h4 (22... Nc7 $11 {keeps the balance.} 23. Bf3 (23. Bxf7 Rbf8 $15) 23... Ne6) 23. h3 Bg6 24. a5 Rh5 25. Bf3 (25. Bxe6+ $5 fxe6 26. Bxd4 $14 (26. Nf4 Rg5 $11)) 25... Rc5 26. Ra4 {[%cal Re2d4]} Rbc8 27. Bxd4 (27. Bxb7 $14 R8c7 28. Bxa6) 27... Nxd4 $11 28. Nxd4 Bxd4 29. Rxd4 Rxc2 {[#] Hoping for ...Rc1+.} 30. Rc4 Bxd3 31. Rxc8 Rxc8 {[%mdl 4096] Endgame KRB-KRB} 32. Re3 Bc2+ 33. Kd2 Bf5 34. Bxb7 Rc2+ 35. Kd1 {Black should prevent Rf3.} Rc5 36. b4 Rb5 37. Bxa6 Rxb4 38. Ra3 Be4 39. f3 Ba8 40. Kc2 d5 (40... Kc6 $11) 41. Kc3 Rf4 (41... Rb1 $14) 42. Bd3 Kc7 43. a6 g5 44. Rb3 (44. a7 $16) 44... f5 $2 (44... Ra4 $11 {and Black has nothing to worry.}) 45. Rb4 $18 Rxb4 46. Kxb4 {KB-KB} Kb6 47. Bxf5 {Kc3 is the strong threat.} Kxa6 $2 (47... Bc6 $16 48. Be6 Bb5) 48. Kc5 Ka5 49. Be6 d4 50. Kxd4 Bc6 51. Ke5 Bb5 52. Kf6 Bf1 53. Kxg5 Bxg2 54. f4 Kb6 55. Kxh4 Kc5 56. Kg5 (56. f5 $18 Kd6 57. Bc8) 56... Kd6 57. Kf6 {Accuracy: White = 65%, Black = 62%.} 1-0

[Event "Clutch Chess International"]
[Site "Saint Louis"]
[Date "2020.06.14"]
[Round "3.11"]
[White "Caruana, Fabiano"]
[Black "Carlsen, Magnus"]
[Result "1-0"]
[WhiteElo "2773"]
[BlackElo "2881"]
[Annotator "TA"]
[PlyCount "80"]
[EventDate "2020.06.05"]
[EventType "k.o."]
[EventCountry "USA"]
[SourceTitle "playchess.com"]
[Source "ChessBase"]
[SourceQuality "1"]

{[%evp 9,80,37,42,45,59,34,51,19,27,20,19,13,19,2,8,0,30,21,26,23,17,7,8,43,13,7,42,42,36,47,61,22,49,46,87,89,85,63,119,121,179,168,233,196,241,129,172,140,245,134,171,154,147,100,363,131,252,237,491,0,117,0,547,535,654,451,1038,1047,1082,1072,1063,1067,1186]} 1. e4 c5 2. Nf3 Nc6 3. Bb5 e5 4. O-O Bd6 5. c3 a6 6. Ba4 {B30: Sicilian: 2...Nc6 3 Bb5, lines without ...g6.} b5 7. Bc2 Nge7 {[#]} 8. d3 $146 {White is slightly better.} ({Predecessor:} 8. d4 cxd4 9. cxd4 exd4 10. Nxd4 Nxd4 11. Qxd4 Qc7 12. Qd3 Bxh2+ 13. Kh1 Bf4 14. Nc3 Bxc1 15. Raxc1 {1-0 (29) Jones,G (2702)-Vidit,S (2707) Hengshui 2019}) 8... Ng6 9. Be3 O-O 10. Nbd2 Be7 $1 11. Bb3 d6 12. Bd5 Qe8 13. d4 exd4 14. cxd4 Rb8 15. Rc1 {[%cal Rd4c5]} (15. a3 {feels hotter.} cxd4 16. Nxd4 Nxd4 17. Bxd4 Be6 18. Re1) 15... Nb4 16. dxc5 dxc5 17. Bxc5 Nxd5 18. exd5 Bxc5 19. Rxc5 Bb7 20. Nb3 (20. Re1 $5 {[%cal Re1e8]} Qd7 21. Nf1 $11) 20... Qd7 21. Na5 Ba8 22. Nc6 Rbe8 23. Nfd4 Qd6 (23... Ne5 $14) 24. b4 $16 Re4 (24... Qd7 $16 25. Qd2 Ne7) 25. Qf3 Rfe8 (25... Rf4 {was worth a try.} 26. Qe3 Bxc6 27. Nxc6 Rf5) 26. Nf5 $18 Qd7 27. g3 ({White has to play} 27. Nb8 $1 $18 {[%cal Rb8d7]} Qa7 28. Qc3) 27... h6 28. h4 Kh8 (28... Rc4 $16) 29. Ne3 (29. Nb8 $1 $18 {[%cal Rb8d7]} Qd8 30. Nxa6) 29... Kg8 30. Rfc1 Nf8 31. Nf5 Nh7 $2 {[%mdl 8192]} (31... g6 $16) 32. Kg2 $2 (32. Nb8 $1 $18 {[%cal Rb8d7] and the rest is easy.} Qd8 33. Qxe4 $3 {[%mdl 512]} (33. Nxa6 Bxd5 34. Qc3 Qf6 $18) 33... Rxe4 34. Rc8) 32... Kh8 {[#]} (32... g6 $16 {is a better defense.}) 33. Nb8 $1 {[%cal Rb8d7]} Qd8 $2 (33... Rxb8 34. Qxe4 Nf6) 34. Nc6 $2 (34. Nxa6 $18 {is the precise move to win.} Qd7 35. Nc7 {[%mdl 64] Double Attack}) 34... Qd7 $16 35. Nb8 $2 $40 {[%mdl 8320] Black needs to defend precisely.} (35. Rd1 $16) 35... Qd8 $18 36. Nxa6 {[%cal Bb8a6,Ba6c7,Bc7e8,Be8d6][%mdl 32] White is clearly winning.} Bxd5 37. Nc7 Bb7 (37... Qxc7 $142 38. Rxc7 R4e5) 38. Nxe8 Re7 39. Qxb7 {[%mdl 64] Remove Defender} Rxb7 40. Ned6 Nf8 {Accuracy: White = 57%, Black = 42%.} 1-0

[Event "Clutch Chess International"]
[Site "Saint Louis"]
[Date "2020.06.14"]
[Round "3.12"]
[White "Carlsen, Magnus"]
[Black "Caruana, Fabiano"]
[Result "1-0"]
[WhiteElo "2881"]
[BlackElo "2773"]
[Annotator "TA"]
[PlyCount "61"]
[EventDate "2020.06.05"]
[EventType "k.o."]
[EventCountry "USA"]
[SourceTitle "playchess.com"]
[Source "ChessBase"]
[SourceQuality "1"]

{[%evp 9,61,10,16,-18,0,-5,18,18,10,7,0,0,18,29,35,17,20,11,15,12,20,11,52,35,120,138,216,191,399,389,396,404,395,402,395,394,552,544,929,637,616,564,963,956,29986,29987,29989,29990,29990,29991,29991,29992,29992,29992]} 1. c4 e5 2. Nc3 Nf6 3. g3 Bb4 4. e4 Bxc3 (4... O-O 5. Nge2 c6 6. Bg2 a6 7. O-O b5 8. d4 d6 9. a3 Bxc3 10. Nxc3 bxc4 11. dxe5 dxe5 12. Na4 Be6 13. Qxd8 Rxd8 14. Be3 {1-0 (55) Carlsen,M (2835)-Caruana,F (2832) London 2018}) 5. bxc3 O-O {[#]} 6. f3 $146 {A22: English Opening: 1...e5 2 Nc3 Nf6.} ({Predecessor:} 6. Bg2 c6 7. Ne2 d5 8. cxd5 cxd5 9. exd5 Nxd5 10. O-O Nc6 11. Rb1 Nb6 12. d4 Be6 13. Ba3 Re8 14. dxe5 Bc4 15. Re1 Rxe5 {½-½ (32) Bareev,E (2643)-Kasimdzhanov,R (2657) Khanty-Mansiysk 2019}) 6... b5 7. d4 exd4 8. cxd4 {The position is equal.} bxc4 9. e5 Nd5 10. Bxc4 Bb7 11. Nh3 d6 12. O-O Nd7 13. Re1 dxe5 14. dxe5 N7b6 15. Bb3 Qe7 16. e6 {exf7+ is the strong threat.} fxe6 {[#] Black is now going downhill.} (16... f6 $1 $14) 17. Ng5 $1 $16 Rf6 (17... Bc8 $16) 18. Qc2 $40 {[%mdl 128] White wants a kill.} Rg6 $2 {[#]} (18... g6 19. Bb2 c5) 19. Rxe6 $1 $18 {[%mdl 512]} Qxe6 (19... Rxe6 20. Qxh7+) 20. Nxe6 Rxe6 21. Bb2 Rae8 22. Bd4 Kh8 (22... R6e7 $142 23. a4 Nd7) 23. Qf5 Bc8 {White must now prevent ...Re1+.} 24. Qh5 c5 25. Bxc5 Re5 26. Qf7 {And now Bf8 would win.} Bh3 27. Bf8 {[%csl Gf7][%cal Rf8g7] White mates.} Re1+ 28. Rxe1 Rxe1+ {[#]} 29. Kf2 $1 {[%csl Gf7][%cal Rf8g7]} Rf1+ {[#]} 30. Ke2 $1 {[%csl Gf7][%cal Rf8g7]} Nc3+ {[#]} 31. Kd3 $1 {Accuracy: White = 87%, Black = 44%.} 1-0